Deep knowledge of B2B relationships within and across borders (Record no. 36417)
[ view plain ]
| 000 -LEADER | |
|---|---|
| fixed length control field | 01346nam a2200337Ia 4500 |
| 245 00 - TITLE STATEMENT | |
| Title | Deep knowledge of B2B relationships within and across borders |
| 260 ## - PUBLICATION, DISTRIBUTION, ETC. (IMPRINT) | |
| Place of publication | Bradford : |
| Name of publisher | Emerald Group Publishing Limited, |
| Year of publication | 2013. |
| 300 ## - PHYSICAL DESCRIPTION | |
| Number of Pages | 390 p. |
| 490 1# - SERIES STATEMENT | |
| Series statement | Advances in Business Marketing and Purchasing ; |
| 650 #0 - SUBJECT ADDED ENTRY--TOPICAL TERM | |
| Topical Term | Business networks. |
| Topical Term | Electronic commerce. |
| Topical Term | Marketing |
| Topical Term | Strategic alliances (Business) |
| 700 1# - ADDED ENTRY--PERSONAL NAME | |
| Personal name | Woodside, Arch G. |
| Personal name | Baxter, Roger. |
| 856 40 - ELECTRONIC LOCATION AND ACCESS | |
| Uniform Resource Identifier | http://site.ebrary.com/lib/rucke/Doc?id=10739172 |
No items available.
